000 00341nam a2200133Ia 4500
008 240624s9999 xx 000 0 und d
041 _aeng
082 _a621.3973 CHA
100 _aCHAKRABORTY KANAD
245 _aFAULT TOLERANCE AND RELIABILITY TECHNIQU
260 _c2002
_aNew Delhi
_bPearson Education
300 _axix, : 426
365 _cRS
999 _c895
_d895